000 00816nmc a2200265 a 4500
003 AR-BaBNM
005 20251128211803.0
008 146020s1998 ||||||||||||||000 | spa||
020 _a84-331-0817-4
040 _cAR-BaBNM
100 1 _aCarrascosa Cebolla, María Jesús J.
245 1 0 _aCómo prevenir la indisciplina
_bprograma de intervención educativa
260 _aMadrid
_bEditorial Escuela Española
_c1998
300 0 _a159 p.
_bil., tablas
490 0 _aColección Guía Escolar
_v10
504 _aContiene referencias bibliográficas
650 4 _aDISCIPLINA ESCOLAR
650 4 _aPROBLEMAS DISCIPLINARIOS
650 4 _aPROYECTOS EDUCACIONALES
650 4 _aROL DEL DOCENTE
653 0 _aESTRATEGIAS EDUCATIVAS
700 1 _aMartínez Mut, Bernardo
942 _cBK
998 _cme-solo cat
999 _c21116
_d21116